Islands of the Strait of Sicily on a Map - Statistics

General Stats
  • This quiz has been taken 11 times
  • The average score is 3 of 9
Answers on the Map
Answers color-coded by a green-red scale on the quiz's map according to % correct below.
 
Answer Stats
Island Area (km²) Population % Correct
Gozo 67 39,285
100%
Malta 246 480,275
100%
Lampedusa 20 6,032
50%
Comino 3.5 2
33%
Pantelleria 85 7,335
33%
Linosa 5.4 430
17%
Conigliera 0.48 0
0%
Kuriat 2.5 0
0%
Manoel 0.30 0
0%
No matching quizzes found
Score Distribution
Percent of People with Each Score
Percentile by Number Answered
Your Score History
You have not taken this quiz